Wards of Brent, London - Statistics

General Stats
  • This quiz has been taken 8 times
  • The average score is 7 of 21
Answer Stats
Answer % Correct
Alperton
60%
Harlesden
60%
Kilburn
60%
Wembley Central
60%
Willesden Green
60%
Barnhill
40%
Kensal Green
40%
Preston
40%
Queens Park
40%
Stonebridge
40%
Sudbury
40%
Brondesbury Park
20%
Dollis Hill
20%
Dudden Hill
20%
Fryent
20%
Kenton
20%
Mapesbury
20%
Queensbury
20%
Tokyngton
20%
Welsh Harp
20%
Northwick Park
0%
No matching quizzes found
Score Distribution
Percent of People with Each Score
Percentile by Number Answered
Your Score History
You have not taken this quiz